La formación de actitudes hacia el sexo opuesto (Record no. 69112)

MARC details
000 -CABECERA
campo de control de longitud fija 00538nam a2200205 a 4500
005 - FECHA Y HORA DE LA ÚLTIMA TRANSACCIÓN
campo de control 20210219153132.0
008 - ELEMENTOS DE LONGITUD FIJA--INFORMACIÓN GENERAL
campo de control de longitud fija 991125n 000 0 spa u
035 ## - NÚMERO DE CONTROL DEL SISTEMA
Número de control de sistema UPN01000079576
100 ## - ASIENTO PRINCIPAL--NOMBRE PERSONAL
Nombre de persona Ponce Millan, Zenaida
222 ## - TÍTULO CLAVE
Título clave PEDAGOGIA CUBANA
245 ## - MENCIÓN DE TÍTULO
Título La formación de actitudes hacia el sexo opuesto
300 ## - DESCRIPCIÓN FÍSICA
Extensión 50-57
362 ## - FECHAS DE PUBLICACIÓN Y/O DESIGNACIÓN SECUENCIAL
Fecha de publicación y/o designación secuencial 1990 Año 2, no. 5 ene.-mar.
653 0# - TERMINO DE INDIZACION - NO CONTROLADO
Término no controlado CONDUCTA DE VIDA
653 0# - TERMINO DE INDIZACION - NO CONTROLADO
Término no controlado EDUCACION SEXUAL
653 0# - TERMINO DE INDIZACION - NO CONTROLADO
Término no controlado ETICA
653 0# - TERMINO DE INDIZACION - NO CONTROLADO
Término no controlado SEXUALIDAD
904 ## - ELEMENTOS DE DATOS D LOCAL, LDD (RLIN)
a AC
b 017387
905 ## - TIPO DE MATERIAL
Tipo de material Articulo

No items available.